000 00733nam a2200253 a 4500
001 000013088
003 DO-SdBNP
005 20240530073916.0
007 ta
008 091120s2000 dr 001 f spa d
040 _aDO-SdBNP
_bspa
_cBNPHU
082 4 _aRD863.44
_bS787c, 2000
_222
100 1 _aStanley, Avelino,
_d1959-
_91536
245 1 0 _aCatedral de la libido /
_cAvelino Stanley.
250 _a3a. ed.
260 _aSanto Domingo :
_bCocolo,
_c2000.
300 _a215 p. ;
_c21 cm.
590 _aInventariado, 2019/VM
650 4 _aNovela erĂ³tica dominicana
_930214
650 0 _aNovela dominicana
_9223
650 0 _aLiteratura dominicana.
_967
910 _aValidado. Control de calidad MMOLINA
942 _2ddc
_cLBS1
999 _c12730
_d12730